[Event "LSS SF-2009-0-00032"]
[Site "LSS email"]
[Date "2009.07.08"]
[Round "?"]
[White "Tjiptadi, Agus"]
[Black "Tjiptadi, Kudus"]
[Result "0-1"]
[WhiteElo "1046"]
[BlackElo "1058"]
[PlyCount "20"]
[EventDate "2009.05.07"]
[EventType "tourn (corr)"]
[EventRounds "6"]
[EventCountry "GER"]
[SourceTitle "Corr 2013"]
[Source "ChessBase"]
[SourceDate "2012.11.12"]
[SourceVersion "1"]
[SourceVersionDate "2012.11.12"]
[SourceQuality "1"]
[WhiteTeam "US of America"]
[BlackTeam "US of America"]
[WhiteTeamCountry "USA"]
[BlackTeamCountry "USA"]

1. e4 c5 2. f4 d6 3. Nf3 Nf6 4. Be2 g6 5. Nc3 Bg7 6. 0-0 0-0 7. d4 cxd4 8. Nxd4 Nc6 9. Nxc6 bxc6 10. Kh1 Qc7 0-1

[Event "LSS SF-2009-0-00032"]
[Site "LSS email"]
[Date "2009.07.06"]
[Round "?"]
[White "Eilering, David L"]
[Black "Tjiptadi, Agus"]
[Result "1-0"]
[WhiteElo "1247"]
[BlackElo "1046"]
[PlyCount "25"]
[EventDate "2009.05.07"]
[EventType "tourn (corr)"]
[EventRounds "6"]
[EventCountry "GER"]
[SourceTitle "Corr 2013"]
[Source "ChessBase"]
[SourceDate "2012.11.12"]
[SourceVersion "1"]
[SourceVersionDate "2012.11.12"]
[SourceQuality "1"]
[WhiteTeam "US of America"]
[BlackTeam "US of America"]
[WhiteTeamCountry "USA"]
[BlackTeamCountry "USA"]

1. c4 e5 2. Nc3 f5 3. d4 e4 4. Nh3 Nf6 5. Bg5 Be7 6. e3 0-0 7. Nf4 c6 8. c5 d5 9. cxd6 Qxd6 10. Bc4+ Kh8 11. h4 b5 12. Bb3 Na6 13. Ng6+ 1-0

[Event "LSS SF-2009-0-00032"]
[Site "LSS email"]
[Date "2009.06.30"]
[Round "?"]
[White "Goti, Javier"]
[Black "Tjiptadi, Agus"]
[Result "0-1"]
[WhiteElo "1001"]
[BlackElo "1095"]
[PlyCount "24"]
[EventDate "2009.05.07"]
[EventType "tourn (corr)"]
[EventRounds "6"]
[EventCountry "GER"]
[SourceTitle "Corr 2022"]
[Source "ChessBase"]
[SourceDate "2021.10.24"]
[SourceVersion "1"]
[SourceVersionDate "2021.10.24"]
[SourceQuality "1"]

1. e4 e5 2. Nf3 d6 3. h3 Nf6 4. Nc3 Be7 5. Bc4 0-0 6. 0-0 h6 7. Re1 a6 8. d4 exd4 9. Nxd4 b5 10. Bb3 c5 11. Bxf7+ Rxf7 12. Nf5 Bxf5 0-1

[Event "LSS SF-2009-0-00032"]
[Site "LSS email"]
[Date "2009.06.30"]
[Round "?"]
[White "Tjiptadi, Agus"]
[Black "Ciesla, Daniel"]
[Result "0-1"]
[WhiteElo "1046"]
[BlackElo "1057"]
[PlyCount "30"]
[EventDate "2009.05.07"]
[EventType "tourn (corr)"]
[EventRounds "6"]
[EventCountry "GER"]
[SourceTitle "Corr 2013"]
[Source "ChessBase"]
[SourceDate "2012.11.12"]
[SourceVersion "1"]
[SourceVersionDate "2012.11.12"]
[SourceQuality "1"]
[WhiteTeam "US of America"]
[BlackTeam "US of America"]
[WhiteTeamCountry "USA"]
[BlackTeamCountry "USA"]

1. e4 d6 2. d4 Nf6 3. Bd3 e5 4. c3 Be7 5. Bg5 0-0 6. Nd2 Bg4 7. Ngf3 Nbd7 8. h3 Bh5 9. 0-0 h6 10. Bh4 g5 11. Bg3 Nh7 12. Qb3 b6 13. dxe5 Bxf3 14. Nxf3 dxe5 15. Bc4 Nc5 0-1

[Event "LSS SF-2009-0-00028"]
[Site "LSS email"]
[Date "2009.05.05"]
[Round "?"]
[White "Tjiptadi, Agus"]
[Black "Jokmin, Guido"]
[Result "1-0"]
[WhiteElo "1078"]
[BlackElo "1079"]
[PlyCount "31"]
[EventDate "2009.03.30"]
[EventType "tourn (corr)"]
[EventRounds "6"]
[EventCountry "GER"]
[SourceTitle "Corr 2022"]
[Source "ChessBase"]
[SourceDate "2021.10.24"]
[SourceVersion "1"]
[SourceVersionDate "2021.10.24"]
[SourceQuality "1"]

1. e4 e5 2. Bc4 c6 3. Nf3 Qf6 4. 0-0 b5 5. Bb3 Bc5 6. c3 d5 7. d4 Bg4 8. dxc5 Ne7 9. Nbd2 0-0 10. h3 Be6 11. Re1 a5 12. exd5 Bxd5 13. Nxe5 a4 14. Bc2 Nf5 15. Ndf3 Be6 16. Bg5 1-0

[Event "LSS SF-2009-0-00028"]
[Site "LSS email"]
[Date "2009.05.04"]
[Round "?"]
[White "Bester, Kazimierz"]
[Black "Tjiptadi, Agus"]
[Result "0-1"]
[WhiteElo "232"]
[BlackElo "1077"]
[PlyCount "55"]
[EventDate "2009.03.30"]
[EventType "tourn (corr)"]
[EventRounds "6"]
[EventCountry "GER"]
[SourceTitle "Corr 2011"]
[Source "ChessBase"]
[SourceDate "2010.08.31"]
[SourceVersion "1"]
[SourceVersionDate "2010.08.31"]
[SourceQuality "1"]

1. e4 e5 2. Nf3 d6 3. d4 exd4 4. Nxd4 Nf6 5. Nc3 Be7 6. Bb5+ c6 7. Ba4 0-0 8. Bb3 a6 9. 0-0 b5 10. a3 c5 11. Nf5 Nc6 12. Bg5 Bxf5 13. exf5 Nd4 14. Ba2 Nxf5 15. Ne2 h6 16. Bd2 d5 17. f3 c4 18. Bc3 Bc5+ 19. Nd4 Qb6 20. Re1 Nxd4 21. Kh1 Nf5 22. Bb4 Rfe8 23. c3 Bf2 24. Rxe8+ Rxe8 25. Qd2 Be3 26. Qc2 Re5 27. Rd1 Ng3+ 28. hxg3 0-1

[Event "LSS ZL-2009-0-00506"]
[Site "LSS email"]
[Date "2009.05.04"]
[Round "?"]
[White "Raines, David T"]
[Black "Tjiptadi, Agus"]
[Result "1-0"]
[WhiteElo "1168"]
[BlackElo "1077"]
[PlyCount "73"]
[EventDate "2009.04.30"]
[EventType "match (corr)"]
[EventRounds "2"]
[EventCountry "GER"]
[SourceTitle "Corr 2011"]
[Source "ChessBase"]
[SourceDate "2010.08.31"]
[SourceVersion "1"]
[SourceVersionDate "2010.08.31"]
[SourceQuality "1"]

1. Nf3 b6 2. g3 Bb7 3. Bg2 Nf6 4. d4 e6 5. c4 Bb4+ 6. Bd2 Bxd2+ 7. Nbxd2 0-0 8. 0-0 d6 9. Re1 c5 10. dxc5 bxc5 11. Qb3 Bc6 12. e4 Nbd7 13. Qd3 Rb8 14. b3 Qc7 15. Re2 h6 16. Rae1 e5 17. Nb1 Nb6 18. Nc3 Qe7 19. Nh4 g6 20. Nd5 Nbxd5 21. exd5 Bd7 22. f4 Bg4 23. Nf3 Nd7 24. h3 Bf5 25. Qd2 e4 26. Nh2 Nf6 27. g4 Bd7 28. Nf1 Rfe8 29. Ng3 Qf8 30. Bxe4 Qg7 31. Qb2 h5 32. g5 Nxe4 33. Qxg7+ Kxg7 34. Nxe4 Rb6 35. Nf6 Rxe2 36. Rxe2 Bxh3 37. Re8 1-0

[Event "LSS ZL-2009-0-00506"]
[Site "LSS email"]
[Date "2009.05.04"]
[Round "?"]
[White "Tjiptadi, Agus"]
[Black "Raines, David T"]
[Result "0-1"]
[WhiteElo "1077"]
[BlackElo "1168"]
[PlyCount "76"]
[EventDate "2009.04.30"]
[EventType "match (corr)"]
[EventRounds "2"]
[EventCountry "GER"]
[SourceTitle "Corr 2011"]
[Source "ChessBase"]
[SourceDate "2010.08.31"]
[SourceVersion "1"]
[SourceVersionDate "2010.08.31"]
[SourceQuality "1"]

1. e4 c5 2. f4 Nc6 3. Nf3 g6 4. d4 cxd4 5. Nxd4 Bg7 6. c3 a6 7. Bc4 d6 8. 0-0 Nf6 9. Nxc6 bxc6 10. e5 Qb6+ 11. Kh1 Ng4 12. Qe2 dxe5 13. fxe5 Nxe5 14. Bb3 0-0 15. Nd2 a5 16. Nc4 Ba6 17. Nxb6 Bxe2 18. Re1 Rab8 19. Rxe2 Rxb6 20. Bf4 Nd3 21. Bc7 Rb7 22. Bg3 Nc5 23. Bc4 Na4 24. h3 Rxb2 25. Rxb2 Nxb2 26. Bb3 a4 27. Bc2 Bxc3 28. Rb1 a3 29. Bb3 c5 30. Bf2 c4 31. Bc2 Rd8 32. Bc5 Rd2 33. Be4 Nd3 34. Bxd3 cxd3 35. Bxa3 e5 36. Be7 Rxa2 37. Bf6 Ra1 38. Rxa1 Bxa1 0-1

[Event "LSS SF-2009-0-00024"]
[Site "LSS email"]
[Date "2009.03.31"]
[Round "?"]
[White "Tjiptadi, Agus"]
[Black "Ruslin, Alexey"]
[Result "1-0"]
[WhiteElo "1077"]
[BlackElo "1026"]
[PlyCount "51"]
[EventDate "2009.02.14"]
[EventType "tourn (corr)"]
[EventRounds "6"]
[EventCountry "GER"]
[SourceTitle "Corr 2011"]
[Source "ChessBase"]
[SourceDate "2010.08.31"]
[SourceVersion "1"]
[SourceVersionDate "2010.08.31"]
[SourceQuality "1"]

1. e4 c6 2. d4 d5 3. e5 Bf5 4. g4 Bg6 5. h4 h5 6. e6 Nf6 7. g5 Ne4 8. Bd3 Qa5+ 9. c3 Na6 10. exf7+ Bxf7 11. Nd2 Bg6 12. f3 Ng3 13. Bxg6+ Kd8 14. Rh3 Qc7 15. Kf2 e5 16. Rxg3 exd4 17. cxd4 Bd6 18. Rg2 Qb6 19. Nb3 Kc7 20. Bd2 Bb4 21. Bf4+ Bd6 22. Qd2 Raf8 23. Ne2 Kd7 24. Bxd6 Kxd6 25. Qe3 Nc7 26. Nc5 1-0

[Event "LSS SF-2009-0-00023"]
[Site "LSS email"]
[Date "2009.03.29"]
[Round "?"]
[White "Ciesla, Daniel"]
[Black "Tjiptadi, Agus"]
[Result "0-1"]
[WhiteElo "1130"]
[BlackElo "1077"]
[PlyCount "78"]
[EventDate "2009.01.25"]
[EventType "tourn (corr)"]
[EventRounds "6"]
[EventCountry "GER"]
[SourceTitle "Corr 2011"]
[Source "ChessBase"]
[SourceDate "2010.08.31"]
[SourceVersion "1"]
[SourceVersionDate "2010.08.31"]
[SourceQuality "1"]

1. d4 d5 2. c4 e6 3. Nf3 Nf6 4. Nc3 Bb4 5. e3 0-0 6. Bd3 c5 7. 0-0 cxd4 8. Nxd4 Bxc3 9. bxc3 Nc6 10. cxd5 Nxd5 11. Qc2 h6 12. Ba3 Re8 13. Bb5 Bd7 14. Bxc6 Bxc6 15. Nxc6 bxc6 16. Rfd1 Qg5 17. c4 Nf6 18. Qa4 Ng4 19. h3 Ne5 20. Kf1 Ng6 21. Qxc6 Rac8 22. Qb5 Qh4 23. c5 Qg5 24. Rac1 Ne7 25. Rd7 Nd5 26. Qd3 a5 27. Rb1 Nb4 28. Bxb4 axb4 29. Rxb4 Qxc5 30. Qb3 Red8 31. Rc4 Rxd7 32. Rxc5 Rxc5 33. Qb8+ Kh7 34. Qb1+ g6 35. Qb4 Rc2 36. g3 Rdd2 37. Qf8 Rxf2+ 38. Ke1 Rxa2 39. h4 h5 0-1

[Event "LSS RE-2008-0-00014"]
[Site "LSS email"]
[Date "2008.12.06"]
[Round "?"]
[White "Tjiptadi, Agus"]
[Black "Clark, Mark J"]
[Result "0-1"]
[WhiteElo "1094"]
[BlackElo "1376"]
[PlyCount "48"]
[EventDate "2008.11.16"]
[EventType "tourn (corr)"]
[EventRounds "6"]
[EventCountry "GER"]
[SourceTitle "Corr 2011"]
[Source "ChessBase"]
[SourceDate "2010.08.31"]
[SourceVersion "1"]
[SourceVersionDate "2010.08.31"]
[SourceQuality "1"]

1. e4 c5 2. Nf3 Nc6 3. c3 e6 4. Bb5 Qb6 5. Bxc6 Qxc6 6. Qe2 Nf6 7. d3 Be7 8. 0-0 0-0 9. Bg5 h6 10. Bh4 Re8 11. Nbd2 d5 12. e5 Nd7 13. d4 Qb6 14. Bxe7 Rxe7 15. b3 Nf8 16. Rfe1 Bd7 17. Nf1 Bb5 18. c4 dxc4 19. bxc4 Bc6 20. Rab1 Qa5 21. Red1 Bxf3 22. Qxf3 Rb8 23. Rb2 cxd4 24. Rxd4 Qxe5 0-1

[Event "LSS SF-2008-0-00017"]
[Site "LSS email"]
[Date "2008.12.03"]
[Round "?"]
[White "Tjiptadi, Agus"]
[Black "Cuaycong, Virgilio"]
[Result "1/2-1/2"]
[WhiteElo "1081"]
[BlackElo "1217"]
[PlyCount "64"]
[EventDate "2008.11.20"]
[EventType "tourn (corr)"]
[EventRounds "6"]
[EventCountry "GER"]
[SourceTitle "Corr 2011"]
[Source "ChessBase"]
[SourceDate "2010.08.31"]
[SourceVersion "1"]
[SourceVersionDate "2010.08.31"]
[SourceQuality "1"]

1. e4 e6 2. d4 d5 3. exd5 exd5 4. Bd3 Nf6 5. h3 Be7 6. Nf3 Nc6 7. 0-0 0-0 8. Re1 Re8 9. c3 h6 10. Be3 Bd6 11. Nbd2 Ne4 12. Qc2 Bf5 13. Nf1 Bg6 14. Rad1 Qf6 15. N3h2 Qe6 16. f3 Ng3 17. Nxg3 Bxg3 18. Bf2 Bxd3 19. Qxd3 Qd6 20. Bxg3 Qxg3 21. Rxe8+ Rxe8 22. Qd2 f5 23. Nf1 Qg6 24. Kf2 Na5 25. b3 Nc6 26. Qf4 Qe6 27. Qd2 g5 28. g4 f4 29. Re1 Qxe1+ 30. Qxe1 Rxe1 31. Kxe1 Kf7 32. Ke2 Ke6 1/2-1/2

[Event "LSS ZL-2008-0-00423"]
[Site "LSS email"]
[Date "2008.10.21"]
[Round "?"]
[White "Hall, Dick"]
[Black "Tjiptadi, Agus"]
[Result "0-1"]
[WhiteElo "1067"]
[BlackElo "1046"]
[PlyCount "49"]
[EventDate "2008.10.19"]
[EventType "match (corr)"]
[EventRounds "2"]
[EventCountry "GER"]
[SourceTitle "Corr 2013"]
[Source "ChessBase"]
[SourceDate "2012.11.12"]
[SourceVersion "1"]
[SourceVersionDate "2012.11.12"]
[SourceQuality "1"]

1. Nf3 Nf6 2. g3 b6 3. Bg2 Bb7 4. 0-0 g6 5. c4 Bg7 6. d4 0-0 7. Nc3 d6 8. Re1 Nbd7 9. b4 c5 10. bxc5 dxc5 11. e3 Rc8 12. Qb3 cxd4 13. exd4 e6 14. Bf4 Nh5 15. Bd6 Re8 16. Rad1 Nf8 17. Bb4 Qf6 18. Ne5 Bxg2 19. Kxg2 Red8 20. Ne4 Qf5 21. g4 Qf4 22. Bd2 Bxe5 23. Bxf4 Nxf4+ 24. Kf3 Bb8 25. c5 0-1

[Event "LSS ZL-2008-0-00423"]
[Site "LSS email"]
[Date "2008.10.21"]
[Round "?"]
[White "Tjiptadi, Agus"]
[Black "Hall, Dick"]
[Result "1-0"]
[WhiteElo "1046"]
[BlackElo "1067"]
[PlyCount "57"]
[EventDate "2008.10.19"]
[EventType "match (corr)"]
[EventRounds "2"]
[EventCountry "GER"]
[SourceTitle "Corr 2013"]
[Source "ChessBase"]
[SourceDate "2012.11.12"]
[SourceVersion "1"]
[SourceVersionDate "2012.11.12"]
[SourceQuality "1"]

1. e4 Nf6 2. e5 Nd5 3. d4 e6 4. Nf3 d6 5. c4 Nb6 6. Be2 Be7 7. 0-0 Nc6 8. Be3 dxe5 9. Nxe5 Nxe5 10. dxe5 c6 11. Nc3 Qc7 12. f4 0-0 13. Rc1 Nd7 14. Bd3 f5 15. exf6 Nxf6 16. Bb1 Bd7 17. Bd4 Rad8 18. Qd3 Bc8 19. Ne4 g6 20. Rcd1 Ng4 21. Qg3 e5 22. Bxe5 Nxe5 23. fxe5 Rxd1 24. Rxd1 Qb6+ 25. Kh1 Qxb2 26. h3 Rf5 27. Nd6 Rg5 28. Qf3 Be6 29. Rf1 1-0

[Event "LSS RF-2008-0-00018"]
[Site "LSS email"]
[Date "2008.10.07"]
[Round "?"]
[White "Tjiptadi, Agus"]
[Black "Albesa, Alfredo Ricardo"]
[Result "1-0"]
[WhiteElo "1194"]
[BlackElo "1000"]
[PlyCount "38"]
[EventDate "2008.09.07"]
[EventType "tourn (corr)"]
[EventRounds "6"]
[EventCountry "GER"]
[SourceTitle "Corr 2013"]
[Source "ChessBase"]
[SourceDate "2012.11.12"]
[SourceVersion "1"]
[SourceVersionDate "2012.11.12"]
[SourceQuality "1"]

1. e4 e5 2. Bc4 d6 3. Nf3 Bg4 4. d4 Nd7 5. c3 Nb6 6. Bb3 Qe7 7. 0-0 Nf6 8. Bg5 0-0-0 9. Nbd2 h6 10. Bh4 g5 11. Bg3 Nh5 12. Re1 Nxg3 13. hxg3 f5 14. exf5 Bxf5 15. dxe5 d5 16. e6 Qd6 17. Nd4 Bg6 18. Qe2 Be7 19. Nb5 Qc6 1-0

[Event "LSS RF-2008-0-00018"]
[Site "LSS email"]
[Date "2008.10.04"]
[Round "?"]
[White "Tjiptadi, Agus"]
[Black "Bester, Kazimierz"]
[Result "1-0"]
[WhiteElo "1194"]
[BlackElo "722"]
[PlyCount "61"]
[EventDate "2008.09.07"]
[EventType "tourn (corr)"]
[EventRounds "6"]
[EventCountry "GER"]
[SourceTitle "Corr 2013"]
[Source "ChessBase"]
[SourceDate "2012.11.12"]
[SourceVersion "1"]
[SourceVersionDate "2012.11.12"]
[SourceQuality "1"]

1. e4 c5 2. Nf3 d6 3. c3 a6 4. Be2 g6 5. 0-0 Nd7 6. d4 Bg7 7. Re1 Ngf6 8. e5 Nd5 9. dxc5 Nxc5 10. Qxd5 e6 11. Qd4 0-0 12. Qxd6 Qa5 13. b4 Ne4 14. Qxf8+ Bxf8 15. bxa5 Bc5 16. Be3 Bxe3 17. fxe3 Bd7 18. Bd3 Nc5 19. Bc2 Bc6 20. Nbd2 Rd8 21. Nb3 Nxb3 22. axb3 Bxf3 23. gxf3 h5 24. Rad1 Rc8 25. Rd3 Rc5 26. b4 Rc7 27. Red1 Kg7 28. Bb3 Kf8 29. c4 g5 30. Rd7 Rxd7 31. Rxd7 1-0

[Event "LSS RF-2008-0-00018"]
[Site "LSS email"]
[Date "2008.10.02"]
[Round "?"]
[White "Trevis, Robert R"]
[Black "Tjiptadi, Agus"]
[Result "1-0"]
[WhiteElo "969"]
[BlackElo "1194"]
[PlyCount "65"]
[EventDate "2008.09.07"]
[EventType "tourn (corr)"]
[EventRounds "6"]
[EventCountry "GER"]
[SourceTitle "Corr 2013"]
[Source "ChessBase"]
[SourceDate "2012.11.12"]
[SourceVersion "1"]
[SourceVersionDate "2012.11.12"]
[SourceQuality "1"]

1. e4 e5 2. Nf3 Nf6 3. d4 Nxe4 4. Bd3 d5 5. Nxe5 Bd6 6. 0-0 0-0 7. Nd2 f5 8. Nb3 c6 9. Bf4 Bxe5 10. Bxe5 Nd7 11. Bf4 Ndf6 12. f3 Nd6 13. Re1 Nf7 14. Qe2 Re8 15. Qf2 Bd7 16. Rxe8+ Qxe8 17. Re1 Qc8 18. Re7 b6 19. c4 Kf8 20. Qe1 Qd8 21. Re2 a5 22. c5 a4 23. Nd2 bxc5 24. dxc5 h6 25. Nf1 g5 26. Bd2 Qc7 27. Ng3 f4 28. Nf5 Re8 29. Rxe8+ Bxe8 30. Bc3 Nh5 31. Qe6 Bd7 32. Qe7+ Kg8 33. Nxh6+ 1-0

[Event "LSS RF-2008-0-00017"]
[Site "LSS email"]
[Date "2008.09.17"]
[Round "?"]
[White "Kerekgyarto, Ference"]
[Black "Tjiptadi, Agus"]
[Result "1-0"]
[WhiteElo "1420"]
[BlackElo "1046"]
[PlyCount "33"]
[EventDate "2008.08.27"]
[EventType "tourn (corr)"]
[EventRounds "6"]
[EventCountry "GER"]
[SourceTitle "Corr 2013"]
[Source "ChessBase"]
[SourceDate "2012.11.12"]
[SourceVersion "1"]
[SourceVersionDate "2012.11.12"]
[SourceQuality "1"]

1. e4 e5 2. Nf3 d6 3. Nc3 Nf6 4. d4 exd4 5. Nxd4 Be7 6. Bf4 0-0 7. Be2 c5 8. Ndb5 a6 9. Nxd6 Bxd6 10. Bxd6 Re8 11. e5 Rxe5 12. Bxe5 Nc6 13. Qxd8+ Nxd8 14. 0-0-0 Be6 15. Na4 Nd7 16. Rxd7 Bxd7 17. Nb6 1-0

[Event "LSS RF-2008-0-00017"]
[Site "LSS email"]
[Date "2008.09.17"]
[Round "?"]
[White "Sikorski, Roman"]
[Black "Tjiptadi, Agus"]
[Result "1-0"]
[WhiteElo "1408"]
[BlackElo "1046"]
[PlyCount "43"]
[EventDate "2008.08.27"]
[EventType "tourn (corr)"]
[EventRounds "6"]
[EventCountry "GER"]
[SourceTitle "Corr 2013"]
[Source "ChessBase"]
[SourceDate "2012.11.12"]
[SourceVersion "1"]
[SourceVersionDate "2012.11.12"]
[SourceQuality "1"]

1. e4 e5 2. Nf3 d6 3. d4 exd4 4. Nxd4 Nf6 5. Nc3 Be7 6. Be2 0-0 7. 0-0 Re8 8. f4 d5 9. e5 Ne4 10. Be3 Nxc3 11. bxc3 c5 12. Nb3 b6 13. Bf3 Bb7 14. c4 Na6 15. cxd5 c4 16. d6 Bxf3 17. Qxf3 cxb3 18. axb3 Bf8 19. Rxa6 Qc8 20. Ra2 Qe6 21. Bxb6 axb6 22. Rxa8 1-0

[Event "LSS SF-2008-0-00013"]
[Site "LSS email"]
[Date "2008.09.15"]
[Round "?"]
[White "Tjiptadi, Agus"]
[Black "Ruslin, Alexey"]
[Result "1-0"]
[WhiteElo "1085"]
[BlackElo "961"]
[PlyCount "71"]
[EventDate "2008.09.01"]
[EventType "tourn (corr)"]
[EventRounds "6"]
[EventCountry "GER"]
[SourceTitle "Corr 2011"]
[Source "ChessBase"]
[SourceDate "2010.08.31"]
[SourceVersion "1"]
[SourceVersionDate "2010.08.31"]
[SourceQuality "1"]

1. e4 c6 2. d4 d5 3. exd5 cxd5 4. Bd3 Nc6 5. c3 Nf6 6. h3 e6 7. Nf3 Bd6 8. 0-0 0-0 9. Bg5 h6 10. Bh4 Re8 11. Re1 Bd7 12. Nbd2 Be7 13. Rc1 Rc8 14. Bb1 Qb6 15. Nb3 Na5 16. Ne5 Ba4 17. Bxf6 Bxf6 18. Qd3 Bxe5 19. Qh7+ Kf8 20. dxe5 Nxb3 21. axb3 Bxb3 22. Qh8+ Ke7 23. Qxg7 Rh8 24. Qf6+ Kd7 25. Qxf7+ Kd8 26. Re3 Ba4 27. Rf3 Bd7 28. c4 Qxb2 29. Rfc3 d4 30. R3c2 Qa3 31. c5 d3 32. Rd1 Re8 33. Rcd2 Rc7 34. Rxd3 Qa4 35. Rd6 Kc8 36. Qxe8+ 1-0

[Event "LSS RF-2008-0-00017"]
[Site "LSS email"]
[Date "2008.09.13"]
[Round "?"]
[White "Tjiptadi, Agus"]
[Black "Nash, Chris"]
[Result "1-0"]
[WhiteElo "1046"]
[BlackElo "972"]
[PlyCount "69"]
[EventDate "2008.08.27"]
[EventType "tourn (corr)"]
[EventRounds "6"]
[EventCountry "GER"]
[SourceTitle "Corr 2013"]
[Source "ChessBase"]
[SourceDate "2012.11.12"]
[SourceVersion "1"]
[SourceVersionDate "2012.11.12"]
[SourceQuality "1"]

1. e4 e5 2. Bc4 Nf6 3. Nf3 Be7 4. Nxe5 0-0 5. 0-0 Nxe4 6. d4 d5 7. Bb3 Be6 8. Re1 Nd7 9. f3 Nef6 10. Bg5 Nxe5 11. dxe5 Nd7 12. Bxe7 Qxe7 13. c3 Qc5+ 14. Qd4 c6 15. Nd2 Rad8 16. Rad1 Rfe8 17. f4 Qa5 18. Bc2 g6 19. a3 c5 20. Qf2 Nf8 21. f5 Bxf5 22. Bxf5 gxf5 23. Qxf5 Re6 24. Re3 Ng6 25. Nf3 Qc7 26. Ng5 Re7 27. Rde1 h6 28. Nxf7 Rxf7 29. Qxg6+ Rg7 30. Qxh6 d4 31. cxd4 Rxd4 32. e6 Qe7 33. Rh3 Rh7 34. Qxh7+ Qxh7 35. Rxh7 1-0

[Event "LSS SF-2008-0-00012"]
[Site "LSS email"]
[Date "2008.09.09"]
[Round "?"]
[White "O'Brien, Glenn"]
[Black "Tjiptadi, Agus"]
[Result "1-0"]
[WhiteElo "826"]
[BlackElo "1046"]
[PlyCount "49"]
[EventDate "2008.08.30"]
[EventType "tourn (corr)"]
[EventRounds "6"]
[EventCountry "GER"]
[SourceTitle "Corr 2013"]
[Source "ChessBase"]
[SourceDate "2012.11.12"]
[SourceVersion "1"]
[SourceVersionDate "2012.11.12"]
[SourceQuality "1"]
[WhiteTeam "US of America"]
[BlackTeam "US of America"]
[WhiteTeamCountry "USA"]
[BlackTeamCountry "USA"]

1. e4 e5 2. Nf3 d6 3. d4 exd4 4. Nxd4 Nf6 5. Nc3 Be7 6. Be2 0-0 7. 0-0 h6 8. Be3 a6 9. Bc4 b5 10. Bd5 Nxd5 11. exd5 Bd7 12. Qf3 Bf6 13. Rad1 Re8 14. Ne4 Be5 15. h3 c5 16. dxc6 Nxc6 17. Nxd6 Nxd4 18. Qxf7+ Kh8 19. Bxd4 Re7 20. Bxe5 Rxe5 21. Nb7 Qe7 22. Rxd7 Qxf7 23. Rxf7 Re2 24. Rc7 Rf8 25. Nd6 1-0

[Event "LSS OP-2008-0-00623"]
[Site "LSS email"]
[Date "2008.09.08"]
[Round "?"]
[White "Erkens, Tjeerd"]
[Black "Tjiptadi, Agus"]
[Result "1-0"]
[WhiteElo "1610"]
[BlackElo "1046"]
[PlyCount "55"]
[EventDate "2008.09.05"]
[EventType "tourn (corr)"]
[EventRounds "4"]
[EventCountry "GER"]
[SourceTitle "Corr 2013"]
[Source "ChessBase"]
[SourceDate "2012.11.12"]
[SourceVersion "1"]
[SourceVersionDate "2012.11.12"]
[SourceQuality "1"]

1. e4 e5 2. Nf3 Nc6 3. Bb5 a6 4. Ba4 Nf6 5. 0-0 b5 6. Bb3 Be7 7. Re1 0-0 8. c3 d6 9. h3 Na5 10. Bc2 c5 11. d4 cxd4 12. cxd4 Qc7 13. Nbd2 Nc4 14. Nxc4 bxc4 15. d5 Rb8 16. Re3 a5 17. Rc3 Ba6 18. b3 Rfc8 19. Be3 Qd7 20. bxc4 Nxe4 21. Bxe4 f5 22. Bc2 Rxc4 23. Rxc4 Bxc4 24. Ng5 h6 25. Ne6 Rb5 26. Bxf5 Qb7 27. Qg4 Bf6 28. Qxc4 1-0